000 00704nam a2200217 a 4500
001 BRCA_1789
005 20190320203542.0
008 980831s1997 mx-a---##b---s000-0#spa-#
020 _a9687642025
040 _aDLC
_cDLC
_dDLC
050 4 _aNX514.C6
_b.S54 1997
245 1 0 _aSignos para la memoria
_bCoahuila, inventario artístico.
260 _aSaltillo, Coahuila
_bCentro de Estudios Sociales y Humanísticos
_c1997
300 _a303 p.
_bil. (algunas a color)
_c31 cm.
500 _aIncluye índice fotográfico
500 _aColección Sonia Corcuera de Mancera
504 _aBibliografía: p. 300-302
650 1 4 _aArtes mexicanas
_zCoahuila (México)
_95579
902 _aDSC
942 _2lcc
_cB
999 _c1571
_d1571